Sports Quiz

Random Sports or College Quiz

College Sports Logos III Quiz Stats

 Plays Quiz Updated Jun 27, 2018

Challenge
Share
Tweet
Score 0/25 Timer 04:00
3 Plays Today
College % Correct
Penn State
92.7%
Kansas
91.1%
Louisville
89.5%
Colorado
89%
LSU
88.9%
Maryland
88.8%
Connecticut
86.1%
Minnesota
83.4%
Vanderbilt
77.5%
Fresno State
76%
South Florida
76%
N.C. State
73.3%
Boston College
67.2%
College % Correct
Ball State
66.9%
Washington
65.7%
Toledo
63.3%
Iowa State
56%
Nevada
55.6%
Northern Illinois
50.1%
Bowling Green
46.9%
Western Michigan
46.6%
UCLA
42.1%
Troy
42.1%
Arkansas State
32.3%
San Diego State
30.8%

You're not logged in!

Compare scores with friends on all Sporcle quizzes.
OR
Log In

You Might Also Like...

Show Comments

Extras

Top Quizzes Today


Score Distribution

Your Account Isn't Verified!

In order to create a playlist on Sporcle, you need to verify the email address you used during registration. Go to your Sporcle Settings to finish the process.

Report this User

Report this user for behavior that violates our Community Guidelines.

Details: